000 00297nam a22001337a 4500
008 170208b xxu||||| |||| 00| 0 eng d
020 _a9780787608927
041 _aeng
080 _22ED
_a61
100 _a4
101 _aSHM
245 _aMEDICAL DISCOVERIES
_cELIZABETH CHENES
942 _2udc
_cBK
999 _c4896
_d4896